[Event "Santa Susanna op 15th"]
[Site "Santa Susanna"]
[Date "2021.08.05"]
[Round "7"]
[White "Sanchez Aguilar, Arnau"]
[Black "Halimov, Oleksandr"]
[Result "1-0"]
[WhiteElo "1814"]
[BlackElo "1824"]
[PlyCount "77"]
[EventDate "2021.08.02"]
[EventType "swiss"]
[EventRounds "9"]
[EventCountry "ESP"]
[SourceTitle "EXT 2022"]
[Source "ChessBase"]
[SourceDate "2021.10.06"]
[SourceVersion "1"]
[SourceVersionDate "2021.10.06"]
[SourceQuality "1"]

1. e4 d5 2. exd5 Nf6 3. d4 Nxd5 4. c4 Nf6 5. Nc3 e6 6. Nf3 Bb4 7. Bd3 Nbd7 8. 0-0 b6 9. Bf4 Bxc3 10. bxc3 Bb7 11. h3 0-0 12. Re1 Re8 13. Ne5 Nf8 14. Bg5 h6 15. Bh4 g5 16. Bg3 Kg7 17. f4 N6d7 18. Qg4 f5 19. Qe2 Ng6 20. Nxg6 Kxg6 21. Qc2 Nf6 22. d5 Nh5 23. Bh2 Qf6 24. dxe6 gxf4 25. Rf1 Qxe6 26. Rae1 Qf6 27. Rxe8 Rxe8 28. Bxf4 Nxf4 29. Rxf4 Re5 30. Bxf5+ Rxf5 31. g4 Kg7 32. Qxf5 Qe7 33. Rf1 Qe3+ 34. Qf2 Qe7 35. Qd4+ Kg6 36. Qf2 Kg7 37. Re1 Qg5 38. Qd4+ Kf7 39. Qd7+ 1-0

[Event "Santa Susanna op 15th"]
[Site "Santa Susanna"]
[Date "2021.08.03"]
[Round "4"]
[White "Vidal Zamora, Cristina"]
[Black "Halimov, Oleksandr"]
[Result "0-1"]
[WhiteElo "1658"]
[BlackElo "1824"]
[PlyCount "90"]
[EventDate "2021.08.02"]
[EventType "swiss"]
[EventRounds "9"]
[EventCountry "ESP"]
[SourceTitle "EXT 2022"]
[Source "ChessBase"]
[SourceDate "2021.10.06"]
[SourceVersion "1"]
[SourceVersionDate "2021.10.06"]
[SourceQuality "1"]

1. e4 c5 2. Nf3 d6 3. d4 cxd4 4. Nxd4 Nf6 5. Nc3 a6 6. Be3 Nc6 7. Bc4 Qc7 8. 0-0 e6 9. Bb3 Be7 10. Kh1 Bd7 11. f4 b5 12. Nf3 b4 13. e5 dxe5 14. Na4 exf4 15. Bb6 Qb7 16. Nd4 e5 17. Nf3 0-0 18. Qe1 Ng4 19. h3 Nf6 20. Bc5 Nh5 21. Rf2 e4 22. Bxe7 Nxe7 23. Nc5 Ng3+ 24. Kh2 Qc6 25. Ne5 Qxc5 26. Nxd7 Qc7 27. Nxf8 Rxf8 28. Qxb4 Nef5 29. Re1 f3 30. Kg1 Ne2+ 31. Rexe2 fxe2 32. Rxe2 Ng3 33. Re3 Qa7 34. Kf2 Re8 35. Bxf7+ Qxf7+ 36. Kxg3 Qc7+ 37. Kg4 h5+ 38. Kxh5 g6+ 39. Kg4 Qe5 40. Qc4+ Re6 41. Rb3 g5 42. Rb8+ Kh7 43. Rb7+ Kg6 44. Qf1 Rf6 45. h4 Rxf1 0-1

[Event "Santa Eugenia op 9th"]
[Site "Santa Eugenia"]
[Date "2014.05.16"]
[Round "4"]
[White "Halimov, Oleksandr"]
[Black "Serrat Rifa, Ernest"]
[Result "0-1"]
[WhiteElo "1776"]
[BlackElo "2225"]
[PlyCount "132"]
[EventDate "2014.04.25"]
[EventType "swiss"]
[EventRounds "9"]
[EventCountry "ESP"]
[SourceTitle "EXT 2015"]
[Source "ChessBase"]
[SourceDate "2014.11.20"]
[SourceVersion "1"]
[SourceVersionDate "2014.11.20"]
[SourceQuality "1"]

1. c4 c5 2. Nc3 Nc6 3. g3 g6 4. Bg2 Bg7 5. e3 d6 6. Nge2 Bf5 7. d3 Nf6 8. 0-0 0-0 9. a3 Qd7 10. Rb1 Ne5 11. e4 Bg4 12. f4 Nc6 13. Be3 Bh3 14. b4 Bxg2 15. Kxg2 Ng4 16. Bg1 b6 17. h3 Nh6 18. Nd5 e6 19. Ne3 cxb4 20. axb4 a5 21. Nc2 Rfb8 22. b5 Ne7 23. d4 d5 24. exd5 exd5 25. c5 bxc5 26. dxc5 Rxb5 27. Qd3 Rab8 28. c6 Qxc6 29. Ncd4 Bxd4 30. Nxd4 Rb2+ 31. Rf2 Rxf2+ 32. Bxf2 Qc7 33. Rxb8+ Qxb8 34. Qa3 Qb4 35. Qxb4 axb4 36. Be1 b3 37. Nxb3 Nhf5 38. Kf3 Nc6 39. Bf2 f6 40. g4 Nd6 41. Nc5 Kf7 42. Nb3 f5 43. Nc5 Ne4 44. Nxe4 fxe4+ 45. Ke3 Nb4 46. Ke2 Ke6 47. Bd4 Nc6 48. Bb2 d4 49. Kd2 Kd5 50. Ke2 Nb4 51. f5 gxf5 52. gxf5 Nc6 53. f6 Ke6 54. Bxd4 Nxd4+ 55. Ke3 Nc6 56. Kxe4 Kxf6 57. Kf4 h5 58. h4 Ne5 59. Kg3 Kf5 60. Kh3 Kf4 61. Kg2 Kg4 62. Kh2 Kxh4 63. Kh1 Kg3 64. Kg1 h4 65. Kh1 h3 66. Kg1 Ng4 0-1